000 00230 a2200097 4500
001 41834
100 _aLittle W
245 _aThe Shorter Oxford English Dictionary
260 _aLondon
_bClarendon Press
_c
090 _c25935
_d25935
942 _aNUST-CAE
_cM
_c17708
999 _c276907
_d276907